[Event "Michigan Class D/E"]
[Site "Auburn Hills"]
[Date "2005.01.15"]
[Round "2.6"]
[White "Peters, Brent"]
[Black "Browne, Norman"]
[Result "0-1"]
[WhiteElo "1278"]
[BlackElo "1104"]
[PlyCount "62"]
[EventDate "2005.01.15"]
[EventType "swiss"]
[EventRounds "5"]
[EventCountry "USA"]
[SourceTitle "EXT 2006"]
[Source "ChessBase"]
[SourceDate "2005.11.24"]
[SourceVersion "1"]
[SourceVersionDate "2005.11.24"]
[SourceQuality "1"]

1. e4 d6 2. d4 g6 3. Nf3 Nf6 4. Bg5 Nxe4 5. Bc4 d5 6. Bb3 Bg4 7. Bh4 Bg7 8. Qd3 Nd7 9. Nbd2 Ndf6 10. Bxf6 Nxf6 11. 0-0 0-0 12. Rfe1 c6 13. c4 e6 14. cxd5 Nxd5 15. Rac1 Qb6 16. Ne5 Bf5 17. Qf3 Qxd4 18. Ndc4 Bxe5 19. Rcd1 Qg4 20. Nxe5 Qxf3 21. Nxf3 Rad8 22. h3 e5 23. g4 Be6 24. Rxe5 Rfe8 25. Ng5 Nf4 26. Rxd8 Rxd8 27. Nxe6 fxe6 28. Bxe6+ Nxe6 29. Rxe6 Rd2 30. Re8+ Kf7 31. b3 Kxe8 0-1

[Event "Michigan Class D/E"]
[Site "Auburn Hills"]
[Date "2005.01.15"]
[Round "3.9"]
[White "Watkins, De Angelo"]
[Black "Peters, Brent"]
[Result "1-0"]
[WhiteElo "1139"]
[BlackElo "1278"]
[PlyCount "43"]
[EventDate "2005.01.15"]
[EventType "swiss"]
[EventRounds "5"]
[EventCountry "USA"]
[SourceTitle "EXT 2006"]
[Source "ChessBase"]
[SourceDate "2005.11.24"]
[SourceVersion "1"]
[SourceVersionDate "2005.11.24"]
[SourceQuality "1"]

1. e4 d6 2. d4 Nf6 3. Nc3 g6 4. Bd3 Bg7 5. Nge2 0-0 6. Bf4 b6 7. Qd2 Re8 8. Bg5 c5 9. d5 a6 10. a4 Bg4 11. f3 Bh5 12. Bxf6 Bxf6 13. g4 Bxg4 14. fxg4 Qd7 15. Rg1 e6 16. g5 Bg7 17. h4 exd5 18. Nxd5 Ra7 19. Nf6+ Bxf6 20. gxf6 Qh3 21. Qh6 Qe6 22. Qg7# 1-0